Calorimetric investigation of radiation-thermal synthesized lithium pentaferrite; Journal of Thermal Analysis and Calorimetry; Vol. 101, iss. 1
| Parent link: | Journal of Thermal Analysis and Calorimetry Vol. 101, iss. 1.— 2010.— [P. 11-13] |
|---|---|
| Övriga upphovsmän: | , , , , , |
| Sammanfattning: | Title screen LiFe5O8 solid-phase synthesis at radiation-thermal (RT) annealing of lithium carbonate and iron oxide mechanical mixture was studied using thermal analysis (TG/DSC) and X-ray powder diffraction (XRD) techniques. The RT annealing was proceeded with high-power pulsing beam of 2.4 MeV electrons. It was shown that RT synthesis of the precursors considerably enhances the reactivity of the solid system within temperatures range 600–800 °C. In particular, lithium ferrite can be obtained at lower temperatures than those necessary in the absence of RT annealing. Режим доступа: по договору с организацией-держателем ресурса |
| Språk: | engelska |
| Publicerad: |
2010
|
| Ämnen: | |
| Länkar: | http://dx.doi.org/10.1007/s10973-010-0788-7 |
| Materialtyp: | Elektronisk Bokavsnitt |
| KOHA link: | https://koha.lib.tpu.ru/cgi-bin/koha/opac-detail.pl?biblionumber=649267 |
MARC
| LEADER | 00000naa0a2200000 4500 | ||
|---|---|---|---|
| 001 | 649267 | ||
| 005 | 20250304091714.0 | ||
| 035 | |a (RuTPU)RU\TPU\network\14429 | ||
| 035 | |a RU\TPU\network\14407 | ||
| 090 | |a 649267 | ||
| 100 | |a 20160628d2010 k||y0rusy50 ba | ||
| 101 | 0 | |a eng | |
| 102 | |a NL | ||
| 135 | |a drcn ---uucaa | ||
| 181 | 0 | |a i | |
| 182 | 0 | |a b | |
| 200 | 1 | |a Calorimetric investigation of radiation-thermal synthesized lithium pentaferrite |f A. P. Surzhikov [e al.] | |
| 203 | |a Text |c electronic | ||
| 300 | |a Title screen | ||
| 320 | |a [References: p. 13 (7 tit.)] | ||
| 330 | |a LiFe5O8 solid-phase synthesis at radiation-thermal (RT) annealing of lithium carbonate and iron oxide mechanical mixture was studied using thermal analysis (TG/DSC) and X-ray powder diffraction (XRD) techniques. The RT annealing was proceeded with high-power pulsing beam of 2.4 MeV electrons. It was shown that RT synthesis of the precursors considerably enhances the reactivity of the solid system within temperatures range 600–800 °C. In particular, lithium ferrite can be obtained at lower temperatures than those necessary in the absence of RT annealing. | ||
| 333 | |a Режим доступа: по договору с организацией-держателем ресурса | ||
| 461 | |t Journal of Thermal Analysis and Calorimetry | ||
| 463 | |t Vol. 101, iss. 1 |v [P. 11-13] |d 2010 | ||
| 610 | 1 | |a электронный ресурс | |
| 610 | 1 | |a труды учёных ТПУ | |
| 610 | 1 | |a ферриты | |
| 610 | 1 | |a радиационно-термический синтез | |
| 610 | 1 | |a кинетика | |
| 610 | 1 | |a формирование | |
| 701 | 1 | |a Surzhikov |b A. P. |c physicist |c Professor of Tomsk Polytechnic University, doctor of physical and mathematical sciences (DSc) |f 1951- |g Anatoly Petrovich |3 (RuTPU)RU\TPU\pers\30237 |9 14617 | |
| 701 | 1 | |a Pritulov |b А. M. | |
| 701 | 1 | |a Lysenko |b E. N. |c Specialist in the field of electrical engineering |c Professor of Tomsk Polytechnic University, Doctor of technical sciences |f 1972- |g Elena Nikolaevna |3 (RuTPU)RU\TPU\pers\32050 |9 16097 | |
| 701 | 1 | |a Sokolovskiy |b A. N. | |
| 701 | 1 | |a Vlasov |b V. A. | |
| 701 | 1 | |a Vasendina |b E. A. |c Specialist in the field of electrical engineering |c Associate Professor of Tomsk Polytechnic University, Engineer, Candidate of technical sciences |f 1975- |g Elena Aleksandrovna |3 (RuTPU)RU\TPU\pers\32051 |9 16098 | |
| 801 | 2 | |a RU |b 63413507 |c 20160810 |g RCR | |
| 856 | 4 | |u http://dx.doi.org/10.1007/s10973-010-0788-7 | |
| 942 | |c CF | ||